LIBRARY & INFORMATION CENTRE, KCAET, TAVANUR

ONLINE PUBLIC ACCESS CATALOGUE (OPAC)

Evaluation of aquifer parameters from pumping test data (Record no. 15229)

MARC details
000 -LEADER
fixed length control field 00577nam a22001817a 4500
003 - CONTROL NUMBER IDENTIFIER
control field OSt
088 ## - REPORT NUMBER
Report number P 128
100 ## - MAIN ENTRY--AUTHOR NAME
Personal name AMBILI P. T
245 ## - TITLE STATEMENT
Title Evaluation of aquifer parameters from pumping test data
260 ## - PUBLICATION, DISTRIBUTION, ETC. (IMPRINT)
Place of publication Tavanur 2002
Name of publisher Kelappaji College of Agricultural Engineering and Technology
300 ## - PHYSICAL DESCRIPTION
Number of Pages 60
500 ## - GENERAL NOTE
General note Evaluation of aquifer parameters from pumping test data
520 ## - SUMMARY, ETC.
Summary, etc Evaluation of aquifer parameters from pumping test data
700 ## - ADDED ENTRY--PERSONAL NAME
Personal name Biju S
700 ## - ADDED ENTRY--PERSONAL NAME
Personal name Er. Sasikala D (Guide)
942 ## - ADDED ENTRY ELEMENTS (KOHA)
Koha item type Project Report
Holdings
Collection code Home library Current library Shelving location Full call number Accession Number Koha item type
Reference KAUAET KAUAET Reference 631.587 AMB/EV P 128 Project Report
free website counter